Autoritratto di un uomo scontroso /

Guardat en:
Dades bibliogràfiques
Autor principal: Gide, André (Autor)
Altres autors: Angelino, Carlo
Format: Llibre
Idioma:italià
Publicat: Genova : Il melangolo, \2001!
Col·lecció:Nugae ; 105
Etiquetes: Afegir etiqueta
Sense etiquetes, Sigues el primer a etiquetar aquest registre!

MARC

LEADER 00000nam a2200000 i 4500
001 IT\ICCU\RAV\0788813
003 ItRI
005 20260405222915.0
008 011018s2001 it |||||| ||||| |||||c
015 |2 IT  |a 2002-10940 
020 |a 8870184307 
040 |b ita  |c arcigay brescia 
041 7 |a ita  |2 ISO-639-2 
082 |a 843.912  |2 21 
100 1 |a Gide, André  |0 IT\ICCU\CFIV\013440  |4 aut 
240 1 3 |a Le grincheux.  |9 Gide, André 
245 1 0 |a Autoritratto di un uomo scontroso /  |c André Gide ; a cura di Carlo Angelino. 
260 |a Genova :  |b Il melangolo,  |c \2001! 
300 |a 38 p. ;  |c 16 cm. 
700 1 |a Angelino, Carlo  |0 IT\ICCU\CFIV\026022 
830 0 |a Nugae ;  |v 105  |0 IT\ICCU\CFI\0168794 
942 |2 ddc  |c BK 
952 |0 0  |1 0  |2 ddc  |4 0  |6 15  |7 0  |9 28617  |a BS  |b BS  |d 2026-02-06  |i 490  |l 0  |o 1-5-*  |r 2026-02-06 22:40:39  |w 2026-02-06  |x [REVISIONARE]  |y BK 
999 |c 28932  |d 28932